|
|
|
|
| LEADER |
00000cam a2200000 7i4500 |
| 001 |
0000002666 |
| 005 |
20031022.0 |
| 090 |
0 |
0 |
|a C363.61
|b SEM 2002
|
| 110 |
1 |
0 |
|a SEMINAR on Water Environmental Planning
|k 2002
|j Kuala Lumpur
|
| 245 |
1 |
0 |
|a Water environmental planning :
|b technologies of water resource management, 15 - 16 October 2002, Kuala Lumpur
|
| 260 |
0 |
0 |
|a Kuala Lumpur :
|b International Islamic University Malaysia ,
|c 2002
|
| 300 |
|
|
|a Various pagings :
|b ill. ;
|c 30 cm.
|
| 500 |
0 |
0 |
|a Includes bibliographies
|
| 650 |
0 |
0 |
|a Environmental engineering
|z Malaysia
|x Congresses
|
| 650 |
0 |
0 |
|a Water quality management
|z Malaysia
|x Congresses
|
| 650 |
0 |
0 |
|a Water resources development
|z Malaysia
|x Congresses
|
| 998 |
|
|
|a JPSM
|
| 999 |
|
|
|a 0000005050
|b Monograph
|c Conference kit
|e Default branch
|